| 000 | 01339nam a2200349 a 4500 | ||
|---|---|---|---|
| 001 | ebr10575446 | ||
| 003 | CaPaEBR | ||
| 006 | m u | ||
| 007 | cr cn||||||||| | ||
| 008 | 120402s2012 enkad sb 001 0 eng d | ||
| 010 | _z 2012007565 | ||
| 020 | _z9781119951711 (pbk.) | ||
| 020 | _z9781118349588 (e-book) | ||
| 040 |
_aCaPaEBR _cCaPaEBR |
||
| 035 | _a(OCoLC)783522484 | ||
| 041 | 1 |
_aeng _hger |
|
| 050 | 1 | 4 |
_aTK6560 _b.G8613 2012eb |
| 082 | 0 | 4 |
_a621.382 _223 |
| 100 | 1 | _aGustrau, Frank. | |
| 240 | 1 | 0 |
_aHochfrequenztechnik. _lEnglish |
| 245 | 1 | 0 |
_aRF and microwave engineering _h[electronic resource] : _bfundamentals of wireless communications / _cFrank Gustrau. |
| 260 |
_aChichester, U.K. : _bWiley, _c2012. |
||
| 300 |
_axx, 338 p. : _bill. |
||
| 504 | _aIncludes bibliographical references and index. | ||
| 533 |
_aElectronic reproduction. _bPalo Alto, Calif. : _cebrary, _d2011. _nAvailable via World Wide Web. _nAccess may be limited to ebrary affiliated libraries. |
||
| 650 | 0 | _aRadio circuits. | |
| 650 | 0 | _aMicrowave circuits. | |
| 650 | 0 |
_aWireless communication systems _xEquipment and supplies. |
|
| 655 | 7 |
_aElectronic books. _2local |
|
| 710 | 2 | _aebrary, Inc. | |
| 856 | 4 | 0 |
_uhttp://site.ebrary.com/lib/rucke/Doc?id=10575446 _zAn electronic book accessible through the World Wide Web; click to view |
| 999 |
_c78114 _d78114 |
||